Top 10 Most Watched Netflix Shows - Statistics

General Stats
  • This quiz has been taken 76 times
  • The average score is 2 of 10
Answer Stats
Hint Answer % Correct
2 Stranger Things
92%
3 the walking dead
14%
1 Game of thrones
13%
4 13 reasons why
11%
7 Riverdale
8%
6 orange is the new black
7%
5 The 100
6%
10 Arrow
3%
9 The flash
3%
8 Greys anatomy
1%
No matching quizzes found
Score Distribution
Percent of People with Each Score
Percentile by Number Answered
Your Score History
You have not taken this quiz